Opodatkowanie leasingu w polskim prawie

Guardado en:
Detalles Bibliográficos
Autor principal: Snopczynski, Mikolaj
Formato: Libro
Lenguaje:polaco
Publicado: Warszawa Olympus 1995
Materias:
Etiquetas: Agregar Etiqueta
Sin Etiquetas, Sea el primero en etiquetar este registro!

MARC

LEADER 00000nam a2200000 4500
001 c123558
005 20221123112623.3
020 |a 83-86069-07-4 
041 0 |a pol 
044 |a PL 
245 1 0 |a Opodatkowanie leasingu w polskim prawie  |c Mikolaj Snopczynski 
264 1 |a Warszawa  |b Olympus  |c 1995 
300 |a 113 s. 
610 2 0 |a lízing 
610 2 0 |a zdaňovanie 
610 2 0 |a dane 
610 2 0 |a predpisy právne 
610 2 0 |a legislatíva 
610 2 0 |a zákony 
610 2 0 |a Poľsko 
100 1 |a Snopczynski, Mikolaj